00542 a2200181 450000100060000002000150000604000240002110000280004524000520007324500470012530000070017236200090017944000130018865000310020194200070023295201040023999900170034369872 a8535617086 cAnchieta - Itaigara aAragão, José Carlos10aA menina que inventou o branco-invisívellpor10aA menina que inventou o branco-invisível a400 a2006 1aPaulinas 4aLiteratura infanto-juvenil cBK 00104070a88.1b88.1d2023-11-21l0o028.5 ARA MENp2685/ITAr2023-11-21 20:04:38w2023-11-21yBK c69872d69872